[Event "WchT U26"]
[Site "Graz"]
[Date "1972.??.??"]
[Round "2"]
[White "Soltis, Andrew E"]
[Black "Ermenkov, Evgenij"]
[Result "0-1"]
[WhiteElo "2440"]
[BlackElo "2410"]

1.e4 c6 2.Nc3 d5 3.Nf3 dxe4 4.Nxe4 Nf6 5.Nxf6+ gxf6 6.g3 Bg4 7.Bg2 Na6 8.h3 Bf5
9.O-O Qd7 10.Kh2 e6 11.Nh4 Bg6 12.d4 Be7 13.c4 Nc7 14.Be3 f5 15.Nf3 Bh5 16.Qb3 Bxf3
17.Bxf3 Rb8 18.Rad1 Bd6 19.Rfe1 h5 20.d5 cxd5 21.Qc3 Rg8 22.cxd5 e5 23.Bf4 f6
24.Bxh5+ Kd8 25.Be3 Rh8 26.Bf3 Nb5 27.Qb3 f4 28.Bxa7 fxg3+ 29.Kg1 Nxa7 30.Qb6+ Qc7
31.Qxa7 Bc5 32.d6 gxf2+  0-1

[Event "WchT U26"]
[Site "Graz"]
[Date "1972.??.??"]
[Round "4"]
[White "Soltis, Andrew E"]
[Black "Viglundsson, Bjorgvin"]
[Result "1-0"]
[WhiteElo "2440"]
[BlackElo "2200"]

1.e4 c5 2.Nf3 e6 3.d4 cxd4 4.Nxd4 a6 5.c4 Nf6 6.Nc3 Bb4 7.Bd3 Nc6 8.Bc2 O-O
9.O-O Qc7 10.Bg5 Be7 11.Nde2 d6 12.Kh1 Bd7 13.f4 Rfd8 14.Rc1 Rac8 15.Qe1 Ne8
16.Nd5 exd5 17.exd5 h6 18.dxc6 hxg5 19.cxd7 Qxd7 20.Nd4 Qc7 21.Bf5 Rb8 22.Ne6 fxe6
23.Qxe6+ Kh8 24.Qg6 Nf6 25.fxg5 Kg8 26.gxf6 Bxf6 27.Be6+ Kf8 28.Rxf6+  1-0

[Event "WchT U26"]
[Site "Graz"]
[Date "1972.??.??"]
[Round "5"]
[White "Sax, Gyula"]
[Black "Soltis, Andrew E"]
[Result "1-0"]
[WhiteElo "2445"]
[BlackElo "2440"]

1.e4 Nf6 2.e5 Nd5 3.d4 d6 4.Bc4 c6 5.Nf3 Bg4 6.O-O dxe5 7.dxe5 e6 8.Be2 Nd7
9.Nd4 Bxe2 10.Qxe2 Qc7 11.c4 Ne7 12.f4 Nf5 13.Nf3 h5 14.g3 a5 15.Nc3 Be7
16.Kh1 Rd8 17.Be3 Bc5 18.Bg1 Bxg1 19.Rxg1 Nc5 20.Ng5 h4 21.gxh4 Rxh4 22.Rg4 Rxh2+  1-0

[Event "WchT U26"]
[Site "Graz"]
[Date "1972.??.??"]
[Round "8"]
[White "Soltis, Andrew E"]
[Black "Nehmert, Ulrich"]
[Result "1/2-1/2"]
[WhiteElo "2440"]
[BlackElo "2200"]

1.e4 c6 2.Nc3 d5 3.Nf3 Bg4 4.h3 Bxf3 5.Qxf3 e6 6.d4 Nf6 7.Bd3 Qb6 8.O-O Be7
9.e5 Nfd7 10.Qg4 g6 11.Bh6 c5 12.dxc5 Qxc5 13.Qg3 Nc6 14.Nb5 Qb6 15.Be3 d4
16.Bh6 a6 17.Na3 Qc5 18.Nc4 O-O-O 19.a3 Ncxe5 20.b4 Qd5 21.Nxe5 Qxe5 22.Qxe5 Nxe5
23.Bg7 Nxd3 24.Bxh8 Nf4 25.Be5 Ne2+ 26.Kh1 f6 27.Rfe1  1/2-1/2

[Event "Chicago"]
[Site "Chicago"]
[Date "1973.??.??"]
[Round "1"]
[White "Soltis, Andrew E"]
[Black "Suttles, Duncan"]
[Result "1-0"]
[WhiteElo "2420"]
[BlackElo "2485"]

1.e4 g6 2.d4 d6 3.Nc3 Bg7 4.Nf3 c6 5.Bg5 Bg4 6.Qd2 b5 7.Be2 Nd7 8.O-O Nb6
9.Rad1 Rc8 10.Qf4 Bd7 11.Qe3 f6 12.Bf4 e5 13.dxe5 dxe5 14.Bg3 Bh6 15.Qd3 Nc4
16.b3 Nb2 17.Qxd7+ Qxd7 18.Rxd7 Kxd7 19.Nxe5+ Ke6 20.f4 Ke7 21.Bg4 Rc7 22.Nf3 b4
23.Ne2 f5 24.Bh4+ Kf7 25.Ne5+ Kg7 26.Nd4 Re7 27.Bxe7 Nxe7 28.exf5 gxf5 29.Nxf5+ Nxf5
30.Bxf5 c5 31.g3 Rd8 32.Bd3 a5 33.Rb1 Nxd3 34.Nxd3 Kg6 35.Kf2 Bg7 36.Kf3 Rc8
37.Re1 h5 38.Ne5+ Kf5 39.h3 a4 40.g4+ hxg4+ 41.hxg4+ Kf6 42.Nc4 Rh8 43.Nd6 Bf8
44.g5+ Kg7 45.Ne8+ Kf7 46.f5 Rh3+ 47.Kg4 Rh2 48.g6+ Kg8 49.f6 axb3 50.axb3 c4
51.g7 Bxg7 52.fxg7 Rxc2 53.Rh1 Rg2+ 54.Kf3 Rg6 55.Rh8+ Kf7 56.Rf8+ Ke6 57.g8=Q+  1-0

[Event "Chicago"]
[Site "Chicago"]
[Date "1973.??.??"]
[Round "2"]
[White "Commons, Kim S"]
[Black "Soltis, Andrew E"]
[Result "0-1"]
[WhiteElo "2410"]
[BlackElo "2420"]

1.d4 Nf6 2.c4 g6 3.Nc3 Bg7 4.e4 c5 5.Nf3 O-O 6.Be2 d6 7.O-O Na6 8.d5 Nc7
9.Bg5 e5 10.Qd2 Qe8 11.Ne1 Nd7 12.Bh6 Qe7 13.Nd3 Nb6 14.b3 Bxh6 15.Qxh6 Bd7
16.Rae1 Rae8 17.f4 f6 18.Qh4 Qg7 19.Nd1 Nc8 20.Ne3 exf4 21.Qxf4 f5 22.exf5 Bxf5
23.Nxf5 Rxf5 24.Qg4 Rxf1+ 25.Rxf1 Ne7 26.Nxc5 Nf5 27.Nxb7 Ne3 28.Qh4 Nxf1
29.Bxf1 Rf8 30.g3 Ne8 31.Na5 Qc3 32.Nc6 Qe3+ 33.Kg2 Qf3+ 34.Kh3 Qxf1+  0-1

[Event "Chicago"]
[Site "Chicago"]
[Date "1973.??.??"]
[Round "4"]
[White "Karklins, Andrew"]
[Black "Soltis, Andrew E"]
[Result "1/2-1/2"]
[WhiteElo "2200"]
[BlackElo "2420"]

1.e4 c5 2.Nf3 d6 3.d4 cxd4 4.Nxd4 Nf6 5.Nc3 g6 6.h3 Bg7 7.g4 Nc6 8.Nb3 O-O
9.Bg2 a5 10.a4 e5 11.O-O Be6 12.Nd5 Bxd5 13.exd5 Ne7 14.Be3 h5 15.c4 hxg4
16.hxg4 Qc8 17.Rc1 Nxg4 18.Bg5 Qf5 19.Bxe7 Qf4 20.Re1 Qxf2+ 21.Kh1 Qg3 22.Kg1 Qf2+  1/2-1/2

[Event "Chicago"]
[Site "Chicago"]
[Date "1973.??.??"]
[Round "8"]
[White "Soltis, Andrew E"]
[Black "Kaufman, Larry C"]
[Result "0-1"]
[WhiteElo "2420"]
[BlackElo "2400"]

1.e4 c5 2.Nf3 d6 3.d4 cxd4 4.Nxd4 Nf6 5.Nc3 a6 6.Bc4 e6 7.Bb3 b5 8.O-O Be7
9.Qf3 Qb6 10.Be3 Qb7 11.a3 O-O 12.Rad1 Nc6 13.Bg5 Bd7 14.Qg3 Rfd8 15.Nf3 Ne8
16.Bxe7 Nxe7 17.Rfe1 Rac8 18.Nd4 a5 19.Qg5 Ng6 20.Ndxb5 h6 21.Qh5 Rc5 22.Nxd6 Qc6
23.Nf5 exf5 24.exf5 Qxg2+ 25.Kxg2 Nf4+ 26.Kf1 Nxh5 27.Rxe8+ Rxe8 28.Rxd7 Rxf5
29.Ra7 Nf4 30.Ba4 Rb8 31.Bc6 Rc5 32.Rb7 Rxb7 33.Bxb7 Kf8 34.f3 Rh5 35.Kf2 g5
36.Be4 Rxh2+ 37.Ke3 Ke7 38.b4 axb4 39.axb4 Kd6 40.b5 Kc5 41.Bc6 Rxc2 42.Ne4+ Kb6
43.Nd6  0-1

[Event "Chicago"]
[Site "Chicago"]
[Date "1973.??.??"]
[Round "9"]
[White "Chellstorp, Craig V"]
[Black "Soltis, Andrew E"]
[Result "1/2-1/2"]
[WhiteElo "2360"]
[BlackElo "2420"]

1.g3 Nf6 2.Nf3 g6 3.b3 Bg7 4.Bb2 O-O 5.d4 d6 6.Bg2 Nbd7 7.Na3 e5 8.dxe5 Ng4
9.Qd2 Ndxe5 10.Nxe5 Bxe5 11.Bxe5 dxe5 12.Qxd8 Rxd8  1/2-1/2

[Event "US-op"]
[Site "Columbus"]
[Date "1977.??.??"]
[Round "?"]
[White "Soltis, Andrew E"]
[Black "Christiansen, Larry Mark"]
[Result "1/2-1/2"]
[WhiteElo "2460"]
[BlackElo "2460"]

1.e4 Nf6 2.e5 Nd5 3.d4 d6 4.Bc4 Nb6 5.Bb3 dxe5 6.Qh5 e6 7.dxe5 a5 8.a4 Na6
9.Nf3 Nc5 10.O-O Nxb3 11.cxb3 Qd3 12.Bg5 Bd7 13.Nc3 Qg6 14.Qh4 Bc6 15.Nb5 Bxb5
16.axb5 Bb4 17.Rfd1 h6 18.Qxb4 hxg5 19.Qg4 Qh5 20.Qxg5 Qxg5 21.Nxg5 Rh4 22.Rac1 Rc8
23.Rd3 Ke7 24.Rdc3 Nd5 25.Rc4 Rh5 26.Nf3 f6 27.Re1 Rd8 28.g3 Rd7 29.h4 Nb4
30.g4 Rh8 31.Nd4 Rxd4 32.Rxd4 Nc2 33.Red1 Nxd4 34.Rxd4 Rxh4 35.exf6+ gxf6
36.Kg2 e5 37.Ra4 Kd6 38.Kg3 Rh1 39.b4 axb4 40.Rxb4 Rg1+ 41.Kf3 Kc5 42.Rb3 Rd1
43.Rc3+ Kb6 44.Kg3 Rg1+ 45.Kf3 Rb1 46.Rb3 Rc1 47.Kg3 Rd1 48.Rf3 Rd6 49.Rb3 Ka5
50.Rc3 Rd7 51.Rf3  1/2-1/2

[Event "Marshall CC"]
[Site "New York"]
[Date "1977.??.??"]
[Round "?"]
[White "Soltis, Andrew E"]
[Black "Feuerstein, Arthur William"]
[Result "1-0"]
[WhiteElo "2450"]
[BlackElo "2365"]

1.e4 c5 2.Nf3 e6 3.d4 cxd4 4.Nxd4 a6 5.c4 Nc6 6.Nc3 Qc7 7.Nc2 Nf6 8.Bd3 Bd6
9.h3 Bf4 10.Ne3 b6 11.O-O Bb7 12.Kh1 Nb4 13.Bb1 h5 14.Ne2 Bxe3 15.Bxe3 Nxe4
16.a3 f5 17.Bxe4 Bxe4 18.axb4 Qxc4 19.Nc3 Bb7 20.Qd6 Qh4 21.f3 b5 22.Rad1 Bc6
23.Ne2 g5 24.Nd4  1-0

[Event "Marshall CC"]
[Site "New York"]
[Date "1977.??.??"]
[Round "?"]
[White "Zuckerman, Bernard"]
[Black "Soltis, Andrew E"]
[Result "1/2-1/2"]
[WhiteElo "2450"]
[BlackElo "2450"]

1.e4 b6 2.Nf3 Bb7 3.d3 d5 4.exd5 Qxd5 5.Nc3 Qe6+ 6.Be3 Nf6 7.Be2 g6 8.O-O Bg7
9.Re1 O-O 10.Qc1 c5 11.d4 cxd4 12.Nxd4 Qd7  1/2-1/2

[Event "Marshall CC"]
[Site "New York"]
[Date "1977.??.??"]
[Round "?"]
[White "Kaimo, Roberto E"]
[Black "Soltis, Andrew E"]
[Result "0-1"]
[WhiteElo "2355"]
[BlackElo "2450"]

1.e4 c5 2.Nf3 d6 3.c3 Nf6 4.Bd3 Nc6 5.h3 d5 6.exd5 Nxd5 7.Bb5 Bd7 8.O-O g6
9.d4 cxd4 10.Nxd4 Bg7 11.Nb3 Nc7 12.Bd3 b6 13.Be4 f5 14.Bc2 O-O 15.Qe2 e5
16.Na3 Qe7 17.Bd2 Kh8 18.Rad1 Rad8 19.Bc1 Be6 20.Nb5 Nd5 21.c4 Ndb4 22.Bb1 a6
23.Nc3 Qf7 24.Nd2 Nd4 25.Qe1 Nbc2 26.Bxc2 Nxc2 27.Qe2 Nd4 28.Qe1 e4 29.Ncb1 Bxc4
30.Nxc4 Qxc4 31.b3 Qc6 32.Bg5 Rd7 33.Rc1 Qd6 34.Qe3 f4 35.Qxe4 h6 36.Bxh6 Bxh6
37.Rcd1 Rfd8 38.Nc3 Bg7 39.Rfe1 Qf6 40.Kh1 Qf5 41.Na4 b5 42.Qxf5 Nxf5 43.Rxd7 Rxd7
44.Nc5 Rd8 45.Re2 Rc8 46.Nxa6 Bd4 47.Kh2 Rc1 48.Nb4 Ng3  0-1

[Event "Marshall CC"]
[Site "New York"]
[Date "1977.??.??"]
[Round "?"]
[White "Soltis, Andrew E"]
[Black "Shamkovich, Leonid"]
[Result "1/2-1/2"]
[WhiteElo "2450"]
[BlackElo "2485"]

1.e4 c5 2.Nf3 d6 3.d4 cxd4 4.Nxd4 Nf6 5.Nc3 e6 6.f4 Nc6 7.Nf3 Qc7 8.Bd3 a6
9.O-O Be7 10.Kh1 O-O 11.Qe1 Nb4 12.e5 Nxd3 13.cxd3 Nd5 14.Ne4 f5 15.exd6 Bxd6
16.Nxd6 Qxd6 17.Qe5 Qxe5 18.Nxe5 Rd8 19.Bd2 Bd7 20.Rac1  1/2-1/2

[Event "Marshall CC"]
[Site "New York"]
[Date "1977.??.??"]
[Round "?"]
[White "Soltis, Andrew E"]
[Black "Fedorowicz, John P"]
[Result "1-0"]
[WhiteElo "2450"]
[BlackElo "2440"]

1.e4 c5 2.Nf3 Nc6 3.d4 cxd4 4.Nxd4 Nf6 5.Nc3 e5 6.Ndb5 d6 7.a4 a6 8.Na3 Nb4
9.Bg5 Be7 10.Nc4 O-O 11.a5 Bg4 12.Be2 Bxe2 13.Qxe2 Ne8 14.Bxe7 Qxe7 15.O-O Nf6
16.Rfd1 Rad8 17.Ne3 Qe6 18.Ra4 Nc6 19.Ncd5 Ne7 20.Nxf6+ Qxf6 21.Rb4 Rd7 22.Nd5 Nxd5
23.Rxd5 Rc8 24.Rb6 Qd8 25.g3 g6 26.Kg2 Rc6 27.Rb3 Qc7 28.c3 Rc5 29.Qd3 Rxa5
30.Rxb7 Qxb7 31.Rxa5 Kg7 32.Rd5 Qc6 33.c4 Rc7 34.Rxd6 Qxc4 35.Qf3 Kf8 36.h4 h6
37.Qf6 Qxe4+ 38.Kh2 Rc8 39.Rd7  1-0

[Event "Marshall CC"]
[Site "New York"]
[Date "1977.??.??"]
[Round "?"]
[White "Soltis, Andrew E"]
[Black "Diesen, Mark C"]
[Result "1/2-1/2"]
[WhiteElo "2450"]
[BlackElo "2360"]

1.e4 c5 2.Nf3 d6 3.d4 cxd4 4.Nxd4 Nf6 5.Nc3 e6 6.f4 a6 7.Qf3 Qc7 8.a4 Nc6
9.Nxc6 bxc6 10.Bd3 d5 11.O-O Be7 12.b3 Bb7 13.Bb2 c5 14.exd5 exd5 15.Rae1 O-O
16.Qh3 c4 17.Bf5 Bc5+ 18.Kh1 d4 19.Ne2 Rae8 20.Nxd4 Rxe1 21.Rxe1 Qxf4 22.Nf3 Re8  1/2-1/2

[Event "Marshall CC"]
[Site "New York"]
[Date "1977.??.??"]
[Round "?"]
[White "Soltis, Andrew E"]
[Black "Biyiasas, Peter"]
[Result "1/2-1/2"]
[WhiteElo "2450"]
[BlackElo "2435"]

1.e4 e5 2.Nf3 Nc6 3.Bb5 a6 4.Ba4 Nf6 5.O-O Be7 6.d4 exd4 7.Re1 O-O 8.e5 Nd5
9.Nxd4 Nxd4 10.Qxd4 Nb6 11.Bb3 c5 12.Qe4 d5 13.exd6 Bxd6 14.Bf4 Bxf4 15.Qxf4 Bd7
16.Nd2 Rc8 17.c3 Qc7 18.Qg5 h6 19.Qh5 Qf4 20.Ne4 c4 21.Bc2 Rce8 22.Qc5 Re6
23.g3 Qe5 24.f4 Qxc5+ 25.Nxc5 Rxe1+ 26.Rxe1 Bc6 27.Rd1 Re8 28.Kf2 Nd5  1/2-1/2

[Event "Marshall CC"]
[Site "New York"]
[Date "1977.??.??"]
[Round "?"]
[White "Rohde, Michael A"]
[Black "Soltis, Andrew E"]
[Result "0-1"]
[WhiteElo "2380"]
[BlackElo "2450"]

1.e4 c5 2.Nf3 d6 3.d4 cxd4 4.Nxd4 Nf6 5.Nc3 g6 6.Be3 Bg7 7.f3 Nc6 8.Qd2 O-O
9.Bc4 Bd7 10.h4 Rc8 11.Bb3 h5 12.O-O-O Ne5 13.g4 hxg4 14.Bh6 Nh5 15.Bxg7 Kxg7
16.f4 Nc4 17.Bxc4 Rxc4 18.Nd5 e5 19.Ne2 Be6 20.Qe3 Qa5 21.Kb1 Qc5 22.Qd3 Bxd5
23.exd5 Nxf4 24.Nxf4 Rxf4 25.h5 Qc4 26.Qa3 Rc8 27.Qxd6 Qxc2+ 28.Ka1 Qc7 29.Qa3 Qc5
30.Qg3 g5 31.a3 Rd8 32.h6+ Kh7 33.Qd3+ e4 34.Qb3 b6 35.Rh2 Qe7 36.Qc3 Qf6
37.Qc7 Rd6 38.Rc2 Qe5 39.Qb7 e3 40.Rc7 Rdf6 41.Re7 e2 42.Re1 Qd4 43.R7xe2 Rf2
44.Qe7 Rxe2 45.Qxe2 Rf2 46.Qe4+ Qxe4 47.Rxe4 g3 48.Rg4 g2  0-1

[Event "Lone Pine op"]
[Site "Lone Pine"]
[Date "1979.??.??"]
[Round "2"]
[White "Sosonko, Gennadi"]
[Black "Soltis, Andrew E"]
[Result "1-0"]
[WhiteElo "2535"]
[BlackElo "2445"]

1.d4 g6 2.c4 Bg7 3.Nc3 d6 4.e4 Nd7 5.Nf3 e5 6.Be2 Ngf6 7.O-O O-O 8.Re1 c6
9.Bf1 a6 10.Rb1 exd4 11.Nxd4 Re8 12.Nb3 Qc7 13.Bf4 Ne5 14.Rc1 Nh5 15.Bg5 f5
16.exf5 Bxf5 17.Qd2 Nf7 18.Be3 Nf6 19.Nd4 Bd7 20.h3 Ne4 21.Nxe4 Rxe4 22.Nf3 Rae8
23.b3 Bc8 24.Rcd1 R4e7 25.Bd3 Ne5 26.Be2 Nf7 27.Bf4 Qb6 28.Bf1 Rxe1 29.Rxe1 Rxe1
30.Qxe1 Qd8 31.Qe3 h6 32.Bd3 g5 33.Bg3 Kf8 34.Bg6 Qe7 35.Qa7 Ne5 36.Qb8 Nxf3+
37.gxf3 Qe6 38.Bh5 Ke7 39.Bg4 Qe1+ 40.Kg2 Bxg4 41.hxg4 Be5 42.Qxb7+ Kf6 43.Bxe5+ Qxe5
44.Qxc6 a5 45.Qd7 Kg6 46.Qd8 Qc5 47.Qg8+  1-0

[Event "Lone Pine op"]
[Site "Lone Pine"]
[Date "1979.??.??"]
[Round "5"]
[White "Soltis, Andrew E"]
[Black "Biyiasas, Peter"]
[Result "0-1"]
[WhiteElo "2445"]
[BlackElo "2485"]

1.e4 e5 2.Nc3 Nf6 3.g3 d5 4.exd5 Nxd5 5.Bg2 Nxc3 6.bxc3 Bd6 7.d3 O-O 8.Nf3 Bd7
9.O-O Bc6 10.Rb1 Nd7 11.Re1 Re8 12.Ng5 Bxg2 13.Kxg2 h6 14.Ne4 b6 15.Qg4 Nf6
16.Qf5 Nxe4 17.Rxe4 Qc8 18.Qxc8 Raxc8 19.g4 Kh7 20.Bd2 Re6 21.f3 Rce8 22.Kf2 Be7
23.Ke2 Bg5 24.Ra4 Bxd2 25.Kxd2 a5 26.Rc4 R8e7 27.Rb5 c5 28.Re4 Kg6 29.Re1 Rf6
30.Ke3 Kg5 31.Kf2 Kh4 32.Re4 g5 33.Rb1 Ree6 34.Rbe1 Rf4 35.c4 Kh3 36.Rxe5 Ref6
37.R5e3 Rxg4 38.Rg1 h5 39.a4 Kxh2  0-1

[Event "Lone Pine op"]
[Site "Lone Pine"]
[Date "1979.??.??"]
[Round "6"]
[White "Rigo, Janos"]
[Black "Soltis, Andrew E"]
[Result "1/2-1/2"]
[WhiteElo "2385"]
[BlackElo "2445"]

1.e4 g6 2.d4 Bg7 3.Nf3 d6 4.c3 Nf6 5.Bd3 O-O 6.O-O a5 7.h3 Nc6 8.Qe2 Nd7
9.Na3 e5 10.Nb5 Re8 11.Bg5 f6 12.Be3 Nf8 13.Bc2 Kh8 14.Qc4 Be6 15.d5 Bg8
16.Qa4 Ne7 17.Rfd1 h6 18.Nh4 Nh7 19.Na7 Rf8 20.Qb5 g5 21.Nf5 Nxf5 22.exf5 Qb8
23.Qc4 c6 24.Qa4 cxd5 25.Nb5 Qc8 26.Nxd6 Qc6 27.Nb5 Rfd8 28.Na3 Bf8 29.Nb5 Bc5
30.Bxc5 Qxc5 31.Bd3 Bf7 32.Qa3 Qxa3 33.Nxa3 Nf8 34.Rac1 Nd7 35.Nb5 Nb6 36.Be2 Kg7
37.Rd2 Rac8 38.Rcd1 Kf8 39.Na3 Ke7 40.Bf3 Rd7 41.Be2 Rcd8 42.Bb5 Rd6 43.Nc2 Nc8
44.Na1 Na7 45.Be2 Nc6 46.Nc2 d4 47.c4 Nb4 48.Nxb4 axb4 49.b3 Rc8 50.Bd3 Rc5
51.f3 Be8 52.Kf2 b5 53.cxb5 Rb6 54.Re2 Kd6 55.Rc2 Rxc2+ 56.Bxc2 Bxb5 57.Be4 Ra6
58.Rd2 Ra7 59.Rc2 h5 60.g3 h4 61.gxh4 gxh4 62.f4 d3 63.Rd2 exf4 64.Bxd3 Bxd3
65.Rxd3+ Ke5 66.Rd2 Rc7 67.Rd8 Ke4 68.Re8+ Kxf5 69.Rb8 Rc2+ 70.Kf1 Ke4 71.Rxb4+ Ke3
72.Rc4 Rxa2 73.Rc3+ Ke4 74.Rc4+ Kf5 75.Rc5+ Kg6 76.Rc3 Kg5 77.Rc5+ f5 78.Rc3 Rb2
79.Kg1 Re2 80.Rf3 Re4 81.Kf2 Kf6 82.Rc3 Rd4 83.Rc6+ Kg5 84.Rc3 Rd1 85.Rf3 Rd2+
86.Kf1 Rc2 87.Kg1 Rb2 88.Kf1 Kf6 89.Rxf4 Ke5 90.Rxh4 f4 91.Rh8 Ke4 92.Rc8 Rxb3
93.Kf2 Rb2+ 94.Kf1  1/2-1/2

[Event "Marshall op"]
[Site "New York"]
[Date "1979.??.??"]
[Round "1"]
[White "Soltis, Andrew E"]
[Black "Van Tilbury, Craig"]
[Result "1-0"]
[WhiteElo "2445"]
[BlackElo "2350"]

1.e4 e6 2.d4 d5 3.Nd2 c5 4.Ngf3 Nc6 5.Bb5 Bd6 6.O-O cxd4 7.Nxd4 Ne7 8.exd5 exd5
9.Qh5 Bd7 10.N2f3 Nxd4 11.Nxd4 O-O 12.Bd3 g6 13.Qh6 Be5 14.Qh4 Nc6 15.Bg5 f6
16.Be3 f5 17.Bg5 Bf6 18.Nf3 Ne5 19.Nxe5 Bxg5 20.Qd4 Be6 21.Rfe1 Bf6 22.Qb4 Qc8
23.Re2 Kg7 24.Rae1 Bg8 25.Bb5 a6 26.Ba4 b5 27.Bb3 Ra7 28.Nd3  1-0

[Event "Marshall op"]
[Site "New York"]
[Date "1979.??.??"]
[Round "2"]
[White "Watson, John L"]
[Black "Soltis, Andrew E"]
[Result "0-1"]
[WhiteElo "2375"]
[BlackElo "2445"]

1.c4 g6 2.Nc3 Bg7 3.g3 Nf6 4.Bg2 O-O 5.d4 d6 6.Nf3 c6 7.O-O Qa5 8.h3 Nbd7
9.e4 e5 10.d5 cxd5 11.cxd5 b5 12.a3 b4 13.Na2 bxa3 14.Nc3 Qb4 15.Rxa3 Nc5
16.Ne1 Ba6 17.Nc2 Qb7 18.Re1 Bd3 19.Na4 Nxa4 20.Qxd3 Nc5 21.Qd1 a5 22.Kh2 Rfc8
23.Re2 a4 24.Rc3 Nb3 25.Be3 Nd7 26.Rxc8+ Rxc8 27.f3 Bf6 28.h4 Bd8 29.Bh3 Rb8
30.h5 Bb6 31.Qg1 Nf6 32.hxg6 hxg6 33.Kg2 Qa6 34.Qe1 Bxe3 35.Rxe3 Nc5 36.Kh1 Rxb2
37.Rc3 Qa5 38.Qe3 Rb3  0-1

[Event "Marshall op"]
[Site "New York"]
[Date "1979.??.??"]
[Round "4"]
[White "Valvo, Michael J"]
[Black "Soltis, Andrew E"]
[Result "1/2-1/2"]
[WhiteElo "2460"]
[BlackElo "2445"]

1.e4 g6 2.d4 Bg7 3.Nf3 d6 4.Be2 Bg4 5.O-O Nc6 6.Be3 Nf6 7.Nc3 Bxf3 8.Bxf3 e5
9.d5 Ne7 10.Qd2 O-O 11.Rad1 Nd7 12.Be2 a6 13.f4 exf4 14.Rxf4 Ne5 15.Rdf1 Nc8
16.h4 Nb6 17.b3 h5 18.Nd1 Nbd7 19.Qe1 Nf6 20.Qg3 Nfg4 21.Bc1 c6 22.Nf2 Nxf2
23.R4xf2 Qa5 24.c4 Rae8 25.Bg5 cxd5 26.cxd5 Qb4 27.Bf6 Bxf6 28.Rxf6 Qd4+
29.Kh1 Nd7 30.Rxd6 Rxe4 31.Rxg6+ Kh7 32.Rh6+ Kxh6 33.Qg5+ Kh7 34.Bd3 Qxd3  1/2-1/2

[Event "Marshall op"]
[Site "New York"]
[Date "1979.??.??"]
[Round "6"]
[White "Shamkovich, Leonid"]
[Black "Soltis, Andrew E"]
[Result "1/2-1/2"]
[WhiteElo "2495"]
[BlackElo "2445"]

1.e4 g6 2.d4 Bg7 3.Nf3 c6 4.Be2 d5 5.e5 Bg4 6.Nbd2 e6 7.h3 Bxf3 8.Nxf3 c5
9.c3 cxd4 10.cxd4 Nc6 11.O-O Nge7 12.Bd3 Qb6 13.b3 O-O 14.Be3 Nb4 15.Bb1 Rac8
16.a3 Nbc6 17.Bd3 Na5 18.Bd2 Nac6 19.Bg5 Rc7 20.Kh1 Rfc8 21.b4 Nf5 22.Bxf5 exf5
23.Qd2 Nd8 24.Bxd8 Rxd8 25.Rfc1 Rc4 26.Rxc4 dxc4 27.d5 c3 28.Qxc3 Rxd5 29.Rc1 Bf8
30.Qc4 Qd8 31.Qc8 Qxc8 32.Rxc8 a5 33.bxa5 Rxa5 34.Rb8 h6 35.Rxb7 Bxa3 36.Rb8+ Kg7  1/2-1/2

[Event "Marshall op"]
[Site "New York"]
[Date "1979.??.??"]
[Round "9"]
[White "Soltis, Andrew E"]
[Black "Rind, Bruce"]
[Result "0-1"]
[WhiteElo "2445"]
[BlackElo "2410"]

1.e4 c5 2.Nc3 Nc6 3.Nge2 g6 4.d4 cxd4 5.Nxd4 Bg7 6.Nde2 Nf6 7.g3 b5 8.Bg2 Rb8
9.O-O O-O 10.Nd5 d6 11.h3 b4 12.Re1 a5 13.Kh2 Re8 14.Rb1 Ba6 15.Ndf4 Nd7
16.Nd3 Rc8 17.f4 Nd4 18.c3 Nc6 19.cxb4 e6 20.b5 Bxb5 21.Nc3 Ba6 22.Nf2 Nc5
23.a3 Bc4 24.Be3 Bb3 25.Qd2 Qe7 26.Bxc5 dxc5 27.e5 Red8 28.Qe3 Nd4 29.Nce4 Rb8
30.Qc3 Bc2 31.Rbc1 Rb3 32.Qxa5 Rxb2 33.Nd6 Rdb8 34.Nc4 Ra2 35.Nd2 Bf8 36.Ra1 Rab2
37.Nc4 R2b5 38.Qd2 Ba4 39.Ne4 Nc2 40.Nc3 Nxa1 41.Rxa1 Qa7 42.Nxb5 Bxb5 43.Nd6 Ba4
44.Rc1 Rb3 45.Ne4 Rxa3 46.Qd8 Qe7 47.Qa8 Ra2 48.Rxc5 Bb3 49.Ra5 Rxa5 50.Qxa5 Kg7
51.Nd6 Kg8 52.Bc6 f5 53.Qa8 Kg7 54.Qc8 Kg8 55.h4 Ba2 56.Kh3 Bb3 57.Bd7 Bd5
58.Ne8 Bb3 59.Qa6 Kh8 60.Qb7 Bc4 61.Qc8 Qb4 62.Bc6 Bf1+ 63.Bg2 Qe4  0-1

[Event "Marshall op"]
[Site "New York"]
[Date "1979.??.??"]
[Round "10"]
[White "Popovych, Orest"]
[Black "Soltis, Andrew E"]
[Result "1/2-1/2"]
[WhiteElo "2365"]
[BlackElo "2445"]

1.e4 g6 2.d4 Bg7 3.Nc3 d6 4.f4 c6 5.Nf3 Qb6 6.Be2 Bg4 7.e5 Nh6 8.Ne4 Nf5
9.c3 f6 10.exf6 exf6 11.O-O O-O 12.h3 Bxf3 13.Bxf3 Re8 14.g4 d5 15.Nxf6+ Bxf6
16.gxf5 gxf5 17.Qd3 Nd7 18.Qxf5 Re7 19.Rb1 Qa6 20.Bg2 Rf8 21.Qg4+ Kh8 22.Bd2 Rg8
23.Qf3 Reg7 24.Rf2 Bh4 25.Re2 Rg3 26.Qf1 Qd3 27.Kh1 Nf6 28.f5 Ne4 29.Bf4 R3g7
30.Rxe4 Qxf1+ 31.Rxf1 dxe4 32.Be5 e3 33.Bf3 Rf8  1/2-1/2

[Event "Lone Pine op"]
[Site "Lone Pine"]
[Date "1981.??.??"]
[Round "?"]
[White "Kogan, Boris"]
[Black "Soltis, Andrew E"]
[Result "1-0"]
[WhiteElo "2430"]
[BlackElo "2480"]

1.Nf3 g6 2.g3 Bg7 3.d4 Nf6 4.Bg2 O-O 5.O-O c6 6.b3 d5 7.Bb2 a5 8.a4 Na6 9.Nbd2 Re8
10.Re1 Qb6 11.h3 Bf5 12.g4 Be4 13.Nxe4 Nxe4 14.e3 Rad8 15.Qe2 Nb4 16.Red1 e6
17.Ne5 Rf8 18.f3 Nf6 19.c3 Na6 20.Ba3 Rfe8 21.b4 Nb8 22.Rdb1 Nfd7 23.f4 f6
24.Nd3 e5 25.Qf2 exd4 26.exd4 f5 27.g5 Qc7 28.Ne5 axb4 29.cxb4 Nxe5 30.dxe5 Nd7
31.b5 Nf8 32.Bc5 Qd7 33.a5 Ne6 34.bxc6 bxc6 35.Bb6 Ra8 36.Ra2 Bf8 37.Rc2 Rec8
38.Qd2 Kg7 39.h4 Be7 40.Kh2 h6 41.Kg3 Kf7 42.Rbc1 Rab8 43.Bf3 Bd8 44.Rb2 d4
45.Qd3 c5 46.Qc4 hxg5 47.hxg5 Bxg5 48.fxg5 Qe7 49.Kf2 Qxg5 50.Re2 Rh8 51.Rg1 Rh2+
52.Rg2 Qh4+ 53.Kf1 Rh1+ 54.Rg1 Qf4 55.Rf2 Rh2 56.Bg2 Qe3 57.Re2 Qf4+ 58.Ke1 Qg3+
59.Kd1 d3 60.Rd2 Qxe5 61.Rxd3 Kf6 62.Qc3 Nd4 63.Re1 Qf4 64.Rxd4 cxd4 65.Qxd4+ Qxd4+
66.Bxd4+ Kg5 67.Re2 Rd8 68.Rd2 f4 69.a6 Kf5 70.Bc3 Rc8 71.Bb7 Rxc3 72.Rxh2 Ra3
73.Kc1 g5 74.Kb1 f3 75.Ra2 Rxa6 76.Rxa6 g4 77.Kc2 Kf4 78.Kd2  1-0

[Event "Lone Pine op"]
[Site "Lone Pine"]
[Date "1981.??.??"]
[Round "?"]
[White "Soltis, Andrew E"]
[Black "Davies, Nigel R"]
[Result "1-0"]
[WhiteElo "2480"]
[BlackElo "2360"]

1.e4 c6 2.d3 d5 3.Nd2 Na6 4.g3 Nc7 5.Bg2 g6 6.f4 Bg7 7.Ngf3 Nf6 8.Qe2 O-O
9.e5 Nfe8 10.h3 f5 11.exf6 exf6 12.O-O Nd6 13.Nb3 b6 14.g4 c5 15.Bd2 Bb7
16.Qf2 Qd7 17.Qg3 Rae8 18.Rf2 Rf7 19.Raf1 d4 20.f5 g5 21.c4 dxc3 22.bxc3 c4
23.Nbd4 cxd3 24.Ne1 Ne4 25.Bxe4 Bxe4 26.Nxd3 Bf8 27.h4 h6 28.Re1 Nb5 29.Rfe2 Rfe7
30.Nf2 Bd5 31.Rxe7 Rxe7 32.Ne6 Bxe6 33.Ne4 Kg7 34.hxg5 hxg5 35.Bxg5 Bc4 36.Bxf6+ Kf7
37.Bxe7 Bxe7 38.f6 Bf8 39.Qh4 Qc7 40.Qh5+ Kg8 41.Qg6+ Kh8 42.Re3  1-0

[Event "Lone Pine op"]
[Site "Lone Pine"]
[Date "1981.??.??"]
[Round "?"]
[White "Arnason, Jon L"]
[Black "Soltis, Andrew E"]
[Result "1/2-1/2"]
[WhiteElo "2450"]
[BlackElo "2480"]

1.e4 g6 2.d4 Bg7 3.Nc3 d6 4.f4 c6 5.Nf3 Bg4 6.Be3 Qb6 7.Qd2 Nd7 8.O-O-O Qa5
9.Kb1 b5 10.e5 d5 11.Bd3 b4 12.Ne2 e6 13.Nh4 c5 14.dxc5 Nxc5 15.Bxc5 Qxc5
16.h3 Bxe2 17.Qxe2 Ne7 18.g4 Nc6 19.Nf3 O-O 20.h4 a5 21.h5 Rfe8 22.hxg6 hxg6
23.Ng5 Nd4 24.Qf2 b3 25.cxb3 Nxb3 26.Qe1 Nd4 27.Qf2 Rab8 28.Rh7 Rb7 29.Bxg6 Reb8
30.Bxf7+ Kf8 31.Qxd4 Rxb2+ 32.Qxb2 Rxb2+ 33.Kxb2 Qb4+ 34.Kc2 Qc4+ 35.Kd2 Qxf4+
36.Kc2 Qxg5 37.Bxe6 Qxe5  1/2-1/2

[Event "Lone Pine op"]
[Site "Lone Pine"]
[Date "1981.??.??"]
[Round "?"]
[White "Soltis, Andrew E"]
[Black "Tarjan, James Edward"]
[Result "0-1"]
[WhiteElo "2480"]
[BlackElo "2530"]

1.e4 c5 2.Nf3 d6 3.d4 cxd4 4.Nxd4 Nf6 5.Nc3 a6 6.a4 Qc7 7.a5 e6 8.Be2 Be7
9.O-O Nc6 10.Nb3 b5 11.axb6 Qxb6 12.Be3 Qc7 13.Nd2 O-O 14.Nc4 Rb8 15.b3 Bb7
16.Re1 Ne5 17.Bf4 Rfd8 18.Bf1 h6 19.Re3 Nc6 20.Rg3 Kh8 21.Be3 Bc8 22.Qd2 Bf8
23.Rd1 d5 24.exd5 Nxd5 25.Nxd5 Rxd5 26.Qc1 Nb4 27.Rd4 e5 28.Rh4 Qd8 29.Bg5 Rd1
30.Bxd8 Rxc1 31.Bc7 Rb7 32.Bxe5 f6 33.Bd6 Bxd6 34.Nxd6 Rd7 35.Rc4 Bb7 36.Nf5 a5
37.Ne3 Ba6 38.Rgg4 Bxc4 39.Rxc4 Rd2 40.h4 Nd5 41.Nf5 Rdd1 42.Ng3 g5 43.hxg5 hxg5
44.Rc5 Nf4 45.c4 Ne2+ 46.Nxe2 Rxf1+ 47.Kh2 Rc2 48.Nd4 Rd2 49.Nf3 Rb2 50.Kg3 Kh7
51.Kg4 Kg6 52.Rc6 Rfxf2 53.g3 Rxb3 54.Nxg5 Re2 55.Nh3 Kf7 56.Nf4 Ree3 57.Rc7+ Re7
58.Rc6 Rbb7 59.Nd5 Re6 60.Rc8 Re4+ 61.Kh5 a4 62.Kh6 Re1 63.Kh5 Ra7  0-1

[Event "Lone Pine op"]
[Site "Lone Pine"]
[Date "1981.??.??"]
[Round "?"]
[White "Soltis, Andrew E"]
[Black "Donaldson, John W"]
[Result "0-1"]
[WhiteElo "2480"]
[BlackElo "2340"]

1.e4 c5 2.Nc3 Nc6 3.Nge2 g6 4.d4 cxd4 5.Nxd4 Bg7 6.Nde2 Nf6 7.g3 O-O 8.Bg2 d6
9.O-O Bd7 10.h3 Rb8 11.a4 a6 12.Nd5 b5 13.axb5 axb5 14.Bg5 Nxd5 15.exd5 Ne5
16.Nd4 h6 17.Bc1 Qb6 18.c3 b4 19.Kh1 Rfc8 20.f4 Nc4 21.Ra2 bxc3 22.bxc3 Bxd4
23.cxd4 Qb3 24.Ra7 Qxd1 25.Rxd1 Nb6 26.f5 g5 27.f6 exf6 28.Ba3 Ra8 29.Rxa8 Rxa8
30.Bxd6 Nc4 31.Be7 Ne3 32.Rd2 g4 33.h4 Nf5 34.Bxf6 Nxg3+ 35.Kh2 Nh5 36.Be5 f6
37.Bd6 Ra6 38.Bc7 Ra3 39.Bf1 f5 40.Rd3 Ra1 41.Kg2 Bb5 42.d6 Nf4+ 43.Kg3 Nxd3  0-1